| Tag |
First Indicator |
Second Indicator |
Subfields |
| LEADER |
00000nam a2200000 i 4500 |
| 001 |
in00005609721 |
| 006 |
m o d f |
| 007 |
cr ||||||||||| |
| 008 |
241010s2024 dcua ob f000 0 eng c |
| 005 |
20241219164134.6 |
| 035 |
|
|
|a (OCoLC)on1460027281
|
| 040 |
|
|
|a GPO
|b eng
|e rda
|e pn
|c GPO
|d MvI
|
| 042 |
|
|
|a pcc
|
| 043 |
|
|
|a n-us---
|
| 049 |
|
|
|a WWW
|
| 074 |
|
|
|a 0546-D (online)
|
| 086 |
0 |
|
|a GA 1.13:GAO-24-107461
|
| 088 |
|
|
|a GAO-24-107461
|
| 110 |
1 |
|
|a United States.
|b Government Accountability Office,
|0 https://id.loc.gov/authorities/names/no2004066329
|e author.
|
| 245 |
1 |
0 |
|a Improper payments: USDA's oversight of the Supplemental Nutrition Assistance Program : Q&A report to the Subcommittee on Legislative Branch, Committee on Appropriations, House of Representatives /
|c U.S. Government Accountability Office.
|
| 246 |
3 |
|
|a Improper payments: United States Department of Agriculture's oversight of the Supplemental Nutrition Assistance Program
|
| 246 |
1 |
7 |
|a GAO-24-107461 Improper payments
|
| 264 |
|
1 |
|a [Washington, D.C.] :
|b U.S. Government Accountability Office,
|c 2024.
|
| 300 |
|
|
|a 1 online resource (17 pages) :
|b color illustrations
|
| 336 |
|
|
|a text
|b txt
|2 rdacontent
|
| 337 |
|
|
|a computer
|b c
|2 rdamedia
|
| 338 |
|
|
|a online resource
|b cr
|2 rdacarrier
|
| 500 |
|
|
|a "September 26, 2024."
|
| 500 |
|
|
|a "GAO-24-107461."
|
| 500 |
|
|
|a In scope of the U.S. Government Publishing Office Catalog and Indexing Program (C&I) and Federal Depository Library Program (FDLP).
|
| 500 |
|
|
|a GPO Cataloging Record Distribution Program (CRDP).
|
| 504 |
|
|
|a Includes bibliographical references (pages 14-17).
|
| 588 |
|
|
|a Description based on online resource; title from PDF caption (GAO, viewed October 10, 2024).
|
| 610 |
2 |
0 |
|a Supplemental Nutrition Assistance Program (U.S.)
|0 https://id.loc.gov/authorities/names/no2009120735
|
| 610 |
1 |
0 |
|a United States.
|b Department of Agriculture
|x Rules and practice.
|
| 650 |
|
0 |
|a Food relief
|z United States
|x Management.
|
| 650 |
|
0 |
|a Waste in government spending
|z United States
|x Prevention.
|
| 710 |
1 |
|
|a United States.
|b Congress.
|b House.
|b Committee on Appropriations.
|b Subcommittee on Legislative Branch,
|0 https://id.loc.gov/authorities/names/no2007064447
|e sponsoring body.
|
| 856 |
4 |
0 |
|u https://purl.fdlp.gov/GPO/gpo233649
|t 0
|
| 999 |
f |
f |
|i 7fcb77d8-5015-461c-bfb9-bdc8bfddc918
|s 76fae18d-3f89-495e-8a2b-c156d2c5c4aa
|t 0
|
| 952 |
f |
f |
|a Texas A&M University
|b College Station
|c Electronic Resources
|d Available Online
|t 0
|e GA 1.13:GAO-24-107461
|h Superintendent of Documents classification
|
| 998 |
f |
f |
|a GA 1.13:GAO-24-107461
|t 0
|l Available Online
|